000
00328 a2200145 4500
001
164775
020
_a
040
_c
Magnum
100
_a
Toledo, Luiz Henrique
240
1
0
_a
Torcidas organizadas de futebol
_l
por
245
1
0
_a
Torcidas organizadas de futebol
362
0
_a
1899
697
_a
EDUCACAO FISICA
942
_c
BK
999
_c
164775
_d
164775